| 000 | 01147cpcaa2200277 4500 | ||
|---|---|---|---|
| 001 | mm 81015438 | ||
| 003 | DLC | ||
| 005 | 20260227111707.0 | ||
| 008 | 810423|||||||||||| eng | ||
| 010 | _amm 81015438 | ||
| 040 |
_aDLC _cDLC _edacs _dDLC |
||
| 072 | 7 |
_aL _2lcmd |
|
| 100 | 1 |
_aCaylor, George Nathan, _d1885-1973. |
|
| 245 | 0 | 0 |
_aGeorge Nathan Caylor papers, _f1950. |
| 300 |
_a9 _fitems. |
||
| 300 |
_a1 _fcontainer. |
||
| 506 | 0 | _aOpen to research. | |
| 520 | 8 | _aTypescript of an unpublished autobiography entitled "If My Memory Serves Me Right," and 8 short sketches or stories. Includes references to and discussions of persons and activities connected with the Socialist Party. | |
| 545 | 0 | _aBorn George Nathan Cohen; businessman, labor arbitrator, and Socialist, of New York, N.Y. | |
| 546 | _aCollection material in English. | ||
| 610 | 2 | 0 | _aSocialist Party (U.S.) |
| 656 | 7 |
_aBusinessmen. _2itoamc |
|
| 656 | 7 |
_aLabor arbitrators. _2itoamc |
|
| 999 |
_c43072 _d43072 |
||